| 000 | 00591nam a2200217Ia 4500 | ||
|---|---|---|---|
| 003 | OSt | ||
| 005 | 20221005072901.0 | ||
| 006 | a|||||r|||| 00| 0 | ||
| 007 | ta | ||
| 008 | 221004b |||||||| |||| 00| 0 eng d | ||
| 024 | _a89295 | ||
| 037 | _cTextual | ||
| 040 |
_aCRL _cCRL _beng |
||
| 041 |
_2eng _aeng |
||
| 082 | _aR4921, L5 | ||
| 100 | _aJames William | ||
| 245 | 0 | _aPragmatism and four essays from the meaning of truth | |
| 260 |
_aNew Delhi _bEurasia Publishing House India _c1975 |
||
| 942 |
_hR4921, L5 _cTEXL _2cc |
||
| 999 |
_c980203 _d980203 |
||